000 00809cab a2200229 4500
001 WB3509-09
008 090401t1999 xxu||||| |||| 00| 0 eng d
035 _a(Sirsi) u91712
041 _aeng
245 _aDome may run out of money
260 _c1999
350 _a0
490 _aTimes
_v3 March 1999, 4(1)
520 _aThe Comptroller and Auditor General warn that Millennium Experience, the company responsible for the Dome, may need more funding from the Government or the Millennium Commission. Labour MP`s are seeking assurances that `no further public funds` will be made available.
650 _aFUNDING
650 _aMILLENNIUM DOME
650 _aMILLENNIUM EXPERIENCE
650 _aPUBLIC SPENDING
690 _aBUILT ENVIRONMENT-BUILDING COSTS
942 _n0
948 _c03/03/1999
999 _c58211
_d58211